Escribir psicología /
Obra que pretende orientar sobre cómo escribir correctamente textos de psicología. Sin embargo, al margen de los ejemplos, el libro sirve perfectamente como un manual de redacción para cualquiera, independientemente de la profesión.
Uloženo v:
| Hlavní autor: | |
|---|---|
| Médium: | Kniha |
| Jazyk: | španělština |
| Vydáno: |
Jalapa, México :
Universidad Veracruzana,
2001, c2001
|
| Témata: | |
| Tagy: |
Žádné tagy, Buďte první, kdo vytvoří štítek k tomuto záznamu!
|
MARC
| LEADER | 00000nam^a2200000^a^4500 | ||
|---|---|---|---|
| 001 | 000127431 | ||
| 005 | 20250521000000.0 | ||
| 009 | 20260310094802.224 | ||
| 020 | |a 968-834-553-9 | ||
| 037 | |a Acervo ITESO - Biblioteca | ||
| 041 | |a ESP | ||
| 082 | |a 808. 066150 |b BUL | ||
| 100 | |a Bullé-Goyri Minter, Rafael |e (autor) | ||
| 245 | 1 | 0 | |a Escribir psicología / |c R. Bullé-Goyri Minter ; pról. de Carlos M. Contreras. |
| 264 | 4 | |a Jalapa, México : |b Universidad Veracruzana, |c 2001, c2001 | |
| 300 | |a 185 p. | ||
| 336 | |a texto |b txt |2 rdacontenido | ||
| 337 | |a sin mediación |b n |2 rdamedio | ||
| 338 | |a volumen |b nc |2 rdasoporte | ||
| 520 | |a Obra que pretende orientar sobre cómo escribir correctamente textos de psicología. Sin embargo, al margen de los ejemplos, el libro sirve perfectamente como un manual de redacción para cualquiera, independientemente de la profesión. | ||
| 649 | |a XX | ||
| 650 | |a Español | ||
| 650 | |a Redacción | ||
| 650 | |a Retórica | ||
| 650 | |a Literatura Científica, Profesional y Académica - |x Metodología - |x Tema Principal | ||
| 650 | |a Psicología - |x Difusión | ||
| 650 | |a Psicología - |x Investigación - |x Tema Principal | ||
| 910 | |a Fondo General | ||
| 920 | |a Impresos - Libros | ||
| 930 | |a Colección General | ||
| 940 | |a Literatura | ||
| 905 | |a 101 | ||
| 901 | |a 0500059266 |b IT1 |c LIT |u 20250521 | ||
| 902 | |a https://opac.biblio.iteso.mx/vufind/Record/000127431 | ||